| 000 | 01240cam a22003254a 4500 | ||
|---|---|---|---|
| 001 | 14366539 | ||
| 003 | OSt | ||
| 005 | 20170105101219.0 | ||
| 008 | 050923s2005 enk b 001 0 eng | ||
| 010 | _a 2007540660 | ||
| 020 | _a0340884991 | ||
| 035 | _a(CaONFCNI)ny0367283 | ||
| 040 |
_aDLC _cDLC _dDLC |
||
| 042 | _apcc | ||
| 050 | 0 | 0 |
_aHM1206 _b.M37 2005 |
| 245 | 0 | 0 |
_aMass media and society / _cedited by James Curran and Michael Gurevitch. |
| 250 | _a4th ed. | ||
| 260 |
_aLondon : _bHodder Arnold ; _aNew York : _bDistributed in the U.S.A by Oxford University Press, _c2005. |
||
| 300 |
_aviii, 400 p. ; _c24 cm. |
||
| 504 | _aIncludes bibliographical references and index. | ||
| 650 | 0 |
_aMass media _xSocial aspects. |
|
| 650 | 0 |
_aMass media _xPolitical aspects. |
|
| 700 | 1 | _aCurran, James. | |
| 700 | 1 | _aGurevitch, Michael. | |
| 856 | 4 | 2 |
_3Publisher description _uhttp://www.loc.gov/catdir/enhancements/fy0737/2007540660-d.html |
| 856 | 4 | 2 |
_3Contributor biographical information _uhttp://www.loc.gov/catdir/enhancements/fy1001/2007540660-b.html |
| 906 |
_a7 _bcbc _corigres _du _encip _f20 _gy-gencatlg |
||
| 942 |
_2ddc _cBK |
||
| 999 |
_c3537 _d3537 |
||